| 000 | 00930cam a22003134a 4500 | ||
|---|---|---|---|
| 001 | 91203 | ||
| 005 | 20230410115715.0 | ||
| 008 | 080506s2008 fr a b 000 0 fre | ||
| 010 | _a 2008437159 | ||
| 035 | _a(OCoLC)ocn228115802 | ||
| 040 |
_aDLC _cDLC _dTZT |
||
| 020 | _a9782259207911 | ||
| 020 | _a225920791X | ||
| 029 | 1 |
_aTZT _bJTL00224281 |
|
| 035 | _a(OCoLC)228115802 | ||
| 050 | 1 | 4 |
_aHG 4515.15 _bG527n 2008 |
| 082 | 0 | 0 | _a570 |
| 100 | 1 | _aGironde, Sacha. | |
| 245 | 1 | 3 |
_aLa neuroéconomie : _bcomment le cerveau gere mes intérets / _cSacha Gironde. |
| 260 |
_a[Paris] : _bPlon, _cc2008. |
||
| 300 |
_a218 p. : _bill. ; _c23 cm. |
||
| 504 | _aIncludes bibliographical references (p. 217-[219]). | ||
| 650 | 0 | _aNeuroeconomics. | |
| 653 |
_aNeurobiology _aBrain and Economics |
||
| 938 |
_aJean Touzot Libraire Editeur _bTOUZ _nJTL00224281 _c19 EUR |
||
| 942 |
_2lcc _cbk |
||
| 994 |
_aC0 _bDRFGD |
||
| 946 | _aJP | ||
| 999 |
_c46433 _d46433 |
||